Manažment verejného dlhu vo vybranej krajine EÚ (OECD) a porovnanie so SR bakalárska práca

Enregistré dans:
Détails bibliographiques
Auteur principal: Kluková, Ivana
Collectivité auteur: Národohospodárska fakulta EU. Katedra financií
Autres auteurs: Hocman, František, 1983-
Format: Livre
Langue:slovaque
Publié: Bratislava 2015
Tags: Ajouter un tag
Pas de tags, Soyez le premier à ajouter un tag!

MARC

LEADER 00000nbm a2200000 4500
001 0205053
005 20161212094959.9
041 0 |a slo 
044 |a SK 
245 1 0 |a Manažment verejného dlhu vo vybranej krajine EÚ (OECD) a porovnanie so SR  |b bakalárska práca  |c Ivana Kluková ; školiteľ: František Hocman 
264 1 |a Bratislava  |c 2015 
300 |a 49 s. 
100 1 |a Kluková, Ivana 
700 1 |a Hocman, František, 1983- 
710 2 |a Národohospodárska fakulta EU. Katedra financií